000 00186 a2200097 4500
020 _a9781933718019
041 _aspa
100 _aAudrey Penn
245 _aUn Beso en mi Mano
942 _cK
999 _c30848
_d30846